| 000 | 01025pam a2200313 i 4500 | ||
|---|---|---|---|
| 001 | 830298 | ||
| 003 | OSt | ||
| 005 | 20140310184420.0 | ||
| 008 | 770328s1977 nyua j 000 1 eng | ||
| 010 | _a 77001975 | ||
| 020 | _a0590426079 | ||
| 040 |
_aDLC _cDLC _dDLC |
||
| 042 | _alcac | ||
| 050 | 0 | 0 |
_aPZ 7 _b.P44855Ki 1977 |
| 100 | 1 |
_aPfeffer, Susan Beth, _d1948- _926653 |
|
| 245 | 1 | 0 |
_aKid power / _cby Susan Beth Pfeffer ; illustrated by Leigh Grant. |
| 260 |
_aNew York : _bScholastic Inc. _c1977. |
||
| 300 |
_a121 p. : _bill. ; _c19 cm. |
||
| 520 | _aEleven-year-old Janie advertises to do odd jobs in her neighborhood and receives so much business, she hires her friends and becomes manager of the Kid Power Agency. | ||
| 521 | _aG4 | ||
| 526 | _c680 | ||
| 562 | _e1 | ||
| 650 | 1 |
_aSummer employment _xFiction. _926654 |
|
| 650 | 1 |
_aFamily life _xFiction. _926655 |
|
| 700 | 1 |
_aGrant, Leigh. _926656 |
|
| 906 |
_a7 _bcbc _corignew _d1 _eocip _f19 _gy-gencatlg |
||
| 942 |
_2lcc _cBK-SCHOLAS |
||
| 999 |
_c34227 _d34227 |
||